书目信息 |
| 题名: |
企业秘书管理手册
|
|
| 作者: | 文同 编著 | |
| 分册: | ||
| 出版信息: | 北京 企业管理出版社 2002.01 |
|
| 页数: | 401页 | |
| 开本: | 21cm | |
| 丛书名: | 管理人员必读丛书 | |
| 单 册: | ||
| 中图分类: | C931.46 | |
| 科图分类: | ||
| 主题词: | 秘书学 | |
| 电子资源: | ||
| ISBN: | 7-80147-626-3 | |
| 000 | 00631nam2 2200229 45 | |
| 001 | 012004000000 | |
| 005 | 20041014091651.34 | |
| 010 | @a7-80147-626-3@dCNY 23.80 | |
| 100 | @a20040630d2002 em y0chiy0121 ea | |
| 101 | 0 | @achi |
| 102 | @aCN@b110000 | |
| 105 | @ay z 000yy | |
| 200 | 1 | @a企业秘书管理手册@Aqi ye mi shu guan li shou ce@f文同编著 |
| 210 | @a北京@c企业管理出版社@d2002.01 | |
| 215 | @a401页@d21cm | |
| 225 | 2 | @a管理人员必读丛书 |
| 410 | 0 | @12001 @a管理人员必读丛书 |
| 606 | 0 | @a秘书学 |
| 690 | @aC931.46@v4 | |
| 701 | 0 | @a文同@Awen tong@4编著 |
| 801 | 0 | @aCN@bQSSK@c20041014 |
| 905 | @a10447@dC931.46@eW662 | |
| 企业秘书管理手册/文同编著.-北京:企业管理出版社,2002.01 |
| 401页;21cm.-(管理人员必读丛书) |
| ISBN 7-80147-626-3:CNY 23.80 |
| ● |
| 相关链接 |
|
|
|
正题名:企业秘书管理手册
索取号:C931.46/W662
 
预约/预借
| 序号 | 登录号 | 条形码 | 馆藏地/架位号 | 状态 | 备注 |
| 1 | 420387 | 204203879 | 社科库509/509社科库 64排8列2层/ [索取号:C931.46/W662] | 在馆 | |
| 2 | 420388 | 204203888 | 社科库509/509社科库 64排8列2层/ [索取号:C931.46/W662] | 在馆 | |
| 3 | 420389 | 204203897 | 社科库509/509社科库 64排8列2层/ [索取号:C931.46/W662] | 在馆 |